[Event "FRA-ch op-C"]
[Site "Aix les Bains"]
[Date "2003.08.22"]
[Round "4"]
[White "Laurent, Yvain"]
[Black "Lamerant, Henri"]
[Result "0-1"]
[WhiteElo "1440"]
[BlackElo "1610"]
[PlyCount "88"]
[EventDate "2003.08.19"]
[EventType "swiss"]
[EventRounds "9"]
[EventCountry "FRA"]
[SourceTitle "EXT 2004"]
[Source "ChessBase"]
[SourceDate "2003.11.25"]
[SourceVersion "1"]
[SourceVersionDate "2003.11.25"]
[SourceQuality "1"]

1. d4 f5 2. c4 e6 3. Nc3 Nf6 4. Nf3 Bb4 5. Bg5 Bxc3+ 6. bxc3 b6 7. d5 exd5 8. cxd5 d6 9. e3 0-0 10. Bc4 Qe8 11. 0-0 Ne4 12. Qd4 Ba6 13. Bh4 Bxc4 14. Qxc4 Qc8 15. Rad1 Nd7 16. Nd2 Nxd2 17. Rxd2 Ne5 18. Qd4 Qe8 19. Re2 Qh5 20. Rd2 Qg4 21. Bg3 Qxd4 22. Rxd4 Nd7 23. f4 Nc5 24. Bh4 Rfe8 25. Rf3 Ne4 26. a3 Rac8 27. c4 c6 28. Be1 c5 29. Rd1 Nf6 30. h3 Re4 31. Rc1 Rce8 32. Kf2 R4e7 33. Ke2 Ne4 34. g4 fxg4 35. hxg4 h6 36. Bh4 g5 37. Be1 gxf4 38. exf4 Ng5+ 39. Kd3 Nxf3 40. Bc3 Re3+ 41. Kc2 Nd4+ 42. Kb2 Ne2 43. Rc2 Rxc3 44. Rxc3 Nxc3 0-1